| 000 | 00923nam a2200265Ia 4500 | ||
|---|---|---|---|
| 001 | 113660 | ||
| 003 | DR-UNIBE | ||
| 005 | 20251008100123.0 | ||
| 007 | cr nn 008mamaa | ||
| 008 | 250522b2023 sp ||||| |||| 00| 0 spa d | ||
| 020 | _a9788425234170 | ||
| 020 | _a9788425234187 (electrónico) | ||
| 040 |
_aBIBLIOTECA UNIBE _cBIBLIOTECA UNIBE |
||
| 100 | 1 |
_aCleese, John _e autor _9195850 |
|
| 245 | 1 | 0 |
_aCreatividad : _buna guía breve y divertidad |
| 260 | 4 |
_aBarcelona : _bGustavo Gili Editorial, _c2023 |
|
| 300 | 4 | _a772 páginas | |
| 490 | _aColección salud mental | ||
| 505 | _aIntroducción | La actitud creativa | Cerebro de liebre, mente de tortuga | ¿Qué puedo hacer? | | ||
| 650 | 7 |
_aCreatividad _2lemb _923993 |
|
| 700 | 1 |
_aPereira, Noelia _eautor _9195851 |
|
| 856 | _uhttps://ebookcentral.proquest.com/lib/unibedr/detail.action?docID=31284880 | ||
| 942 |
_cEB _2ddc |
||
| 951 | _a20061022 10:18:00 | ||
| 999 |
_c113663 _d113663 |
||